[Event "Tuebingen-ch 55th"]
[Site "Tuebingen"]
[Date "1996.??.??"]
[Round "?"]
[White "Braun, Thomas3333"]
[Black "Domres, Bernd"]
[Result "1/2-1/2"]
[WhiteElo "1675"]
[BlackElo "1605"]
[PlyCount "62"]
[EventDate "1996.??.??"]
[EventType "swiss"]
[EventRounds "9"]
[EventCountry "GER"]
[SourceTitle "EXT 1999"]
[Source "ChessBase"]
[SourceDate "1998.11.16"]
[SourceVersion "1"]
[SourceVersionDate "1998.11.16"]
[SourceQuality "1"]

1. d4 d5 2. c4 e6 3. Nf3 Nf6 4. Bg5 h6 5. Bh4 Be7 6. e3 0-0 7. Nc3 b6 8. Bxf6 Bxf6 9. cxd5 exd5 10. Rc1 Bg4 11. h3 Bf5 12. Qb3 c6 13. Be2 Qd6 14. a3 Nd7 15. Qa2 b5 16. 0-0 a5 17. Qb3 a4 18. Qd1 Nb6 19. Bd3 Bxd3 20. Qxd3 Nc4 21. Rc2 Bd8 22. Ne2 Bc7 23. Ng3 g6 24. Rfc1 Ba5 25. Ne5 f5 26. f4 Rae8 27. Qe2 Qe6 28. Qf2 Kh7 29. Nf1 Rf6 30. Nh2 h5 31. Nhf3 Qe7 1/2-1/2